000 00384pam a2200157 a 4500
020 _a0849352819 (set)
040 _cDLC
082 0 0 _a596 CRC 1988 A109 Or.
245 0 4 _aThe Melanotropic peptides /
260 _aBoca Raton, Fla. :
_bCRC Press,
_cc1988.
300 _a3 v. :
_bill. ;
_c27 cm.
650 0 _aMSH (Hormone)
650 2 _aMSH
700 1 _aHadley, Mac E.
942 _cEK
999 _c16670
_d16670